Normal view
MARC view
- Wilson, Mick Kannangara, Kamali Smith, Geoff Simmons, Michelle
Entry Personal Name
001 - CONTROL NUMBER
- control field: 61055
003 - CONTROL NUMBER IDENTIFIER
- control field: NUST
005 - DATE AND TIME OF LATEST TRANSACTION
- control field: 20210628202700.0
008 - FIXED-LENGTH DATA ELEMENTS
- fixed length control field: 210628|| aca||aabn | a|a d
040 ## - CATALOGING SOURCE
- Original cataloging agency: NUST
- Transcribing agency: NUST
100 ## - HEADING--PERSONAL NAME
- Personal name: Wilson, Mick Kannangara, Kamali Smith, Geoff Simmons, Michelle
670 ## - SOURCE DATA FOUND
- Source citation: Work cat.: (NUST): Wilson, Mick Kannangara, Kamali Smith, Geoff Simmons, Michelle, Nanotechnology basic science and emerging technologies, 2002
